000 02753nam a22003017a 4500
001 431
003 OSt
005 20250625073119.0
008 250624b |||||||e |||| 00| 1 eng d
040 _bpor
041 _heng
_apor
082 _a813
_bS544i
100 1 _aSheldon, Sidney,
_d1917-2007.
_9871
240 _aRage of Angels
245 _aA ira dos anjos /
_cSheldon, Sidney ; Tradução de : A.B. Pinheiro de Lemos
260 _aSão Paulo
_bCírculo do Livro
300 _a456 p.
520 _aJennifer Parker realiza seu sonho ao ingressar na equipe do Promotor Distrital de Manhattan, em Nova York. Sua carreira, no entanto, dura exatamente quatro horas - tempo que leva para cair em uma cilada, durante o primeiro julgamento do qual participa. Acusada de suborno, vê seus projetos irem por água abaixo: além do risco de ter a carteira de advogada cassada. Jennifer pode passar o resto de seus dias na cadeia. Assim começa a história de uma jovem bonita e inteligente e dos homens que influenciam sua vida, entre eles o íntegro Adam Warner, destinado a ser um líder de seu país, e Michael Moretti, um anjo das trevas que procura espalhar suas asas de terror sobre tudo e todos. Considerada por muitos como a mais extraordinária criação de Sidney Sheldon. Uma década depois, um assassino perigoso está à solta nas ruas de Los Angeles. E já fez duas vítimas. Mas o único elo em comum entre elas é a psicóloga Nikki Roberts. Nikki ainda está muito abalada com a recente morte do marido. E sua vida sofre outra reviravolta quando uma de suas pacientes, Lisa Flannagan, e o rapaz que Nikki considerava como filho, Treyvon Raymond, são brutalmente assassinados. Mas, apenas quando sofre um atentado é que a psicóloga tem certeza de que ela é o verdadeiro alvo desse assassino impiedoso. Atormentada por um acontecimento do passado e vendo a polícia em um beco sem saída, Nikki contrata o detetive particular Derek Williams, um homem que não tem medo de sujar as mãos. Ele trabalhara no caso de Charlotte Clancy, mas agora, anos depois, encontra nas anotações de Nikki Roberts um nome que chama sua atenção, e essa nova investigação o conduz a um caminho perigoso de volta ao passado. Numa cidade corrupta, onde não se sabe quem é inimigo e quem é amigo, Nikki Roberts precisa correr contra o tempo para descobrir a verdade por trás desses crimes antes que ela seja a próxima vítima.
650 0 _aLiteratura Americana
_984
650 0 _aSuspense
_910
650 0 _aAmbição e poder
_9934
650 0 _aDrama psicológico
_9935
650 0 _aRomance Policial
_911
655 0 _aFicção
_922
655 0 _aRomance
_923
700 _aA. B. Pinheiro de Lemos
_eTradutor
_9109
942 _2ddc
_n0
_cBK
999 _c431
_d431